000240686 001__ 240686
000240686 005__ 20210922173126.0
000240686 0247_ $$2GEPRIS$$aG:(BMBF)423229691$$d423229691
000240686 0247_ $$2Dimensions$$aG:(Dimensions)grant.8576697$$dgrant.8576697
000240686 035__ $$aG:(BMBF)423229691
000240686 150__ $$aNon-stationary Gravity Wave retrievals for GLORIA$$y2019-01-01 - 
000240686 5101_ $$0I:(DE-588b)2007744-0 $$aGerman Research Foundation$$bBMBF
000240686 680__ $$aGravity waves (GWs) are an essential driver of global circulation patterns in the stratosphere and mesosphere. Frequently discussed are GWs excited by jets and fronts or GWs excited by flow over orography. In idealized model studies it is easy to separate
000240686 909CO $$ooai:juser.fz-juelich.de:896541$$pauthority$$pauthority:GRANT
000240686 909CO $$ooai:juser.fz-juelich.de:896541
000240686 980__ $$aG
000240686 980__ $$aAUTHORITY